00594nam a2200169Ia 4500003000900000008004100009020001800050040001600068080001500084110003900099245011900138260005700257300001300314490006500327650001300392650001900405IN-BaIIA211028s9999 xx 000 0 eng d a0-87891-534-6 cIIA Library a518.4bREA aResearch and Education Association 0aREA's problem solversbthe technical design,graphicscResearch and Education Association  aNew JerseybResearch and Education Associationc1993 axii,946p aREA's problem solvers : A complete solution guide to any tex aGraphics aNASA Thesaurus